Maisons régnantes d'Europe - Statistiques

Statistiques générales
  • Ce quiz a été pris 10 fois
  • Le résultat moyen est 11 sur 20
Statistiques - réponses
Hint Réponse % Correct
Espagne Bourbon
100%
Luxembourg Bourbon
100%
Espagne Bourbon
100%
Royaume-Uni Windsor
100%
Monaco Grimaldi
83%
Suède Bernadotte
67%
Suède Bernadotte
67%
Danemark Glücksbourg
50%
Norvège Glücksbourg
50%
Luxembourg Nassau
50%
Pays-Bas Orange-Nassau
50%
Norvège Schleswig-Holstein-Sonderbourg-Glücksbourg
50%
Royaume-Uni Schleswig-Holstein-Sonderbourg-Glücksbourg
50%
Belgique Belgique
33%
Liechtenstein Liechtenstein
33%
Liechtenstein Liechtenstein
33%
Pays-Bas Amsberg
17%
Belgique Wettin
17%
Danemark Laborde de Monpezat
0%
Monaco Polignac
0%
Aucun quiz correspondant
Distribution des résultats
% des personnes avec chaque résultat
Percentile par nombre de réponses
Votre historique - résultats
Vous n’avez pas pris ce quiz